| 000 | 00808nam a2200217 a 4500 | ||
|---|---|---|---|
| 999 |
_c10429 _d10429 |
||
| 001 | 10429 | ||
| 003 | BD-JhCC | ||
| 005 | 20190219134007.0 | ||
| 008 | 180426s2010 bg |||| ||a| 000 0 ben d | ||
| 035 | _a(BD-JhCC)10429 | ||
| 040 |
_aBD-JhCC _dBD-JhCC |
||
| 041 | _aben | ||
| 082 |
_a297.09 _bISL 2010 |
||
| 100 | _aইসলাম, মোহাম্মদ রফিকুল | ||
| 245 |
_aপ্রাচীন মিশর ও প্রত্নতাত্ত্বিক বিজ্ঞান প্রেক্ষিত আল-কুরআন / _cমোহাম্মদ রফিকুল ইসলাম, |
||
| 260 |
_aঢাকা : _bসুহৃদ প্রকাশন, _c2010 |
||
| 300 |
_a66 p. : _c22 cm. |
||
| 650 |
_aIslamic History _zMishor |
||
| 942 |
_2ddc _cBK _01 |
||